| 000 | 00450nam a22001697a 4500 | ||
|---|---|---|---|
| 003 | NUST - PNEC | ||
| 005 | 20170116181037.0 | ||
| 008 | 150919b xxu||||| |||| 00| 0 eng d | ||
| 020 | _a0867204826 | ||
| 040 | _cLIBRARY | ||
| 082 | _a621.3 PIN | ||
| 100 |
_911469 _aPine, Jerry |
||
| 245 |
_aZap! experiments in electrical currents and fields _c Jerry Pine |
||
| 260 | _cc.1996 | ||
| 650 |
_911470 _aElectricity--Experiments _xEE |
||
| 942 |
_2ddc _cBK |
||
| 999 |
_c67988 _d67988 |
||